000 00590nam a2200181Ia 4500
003 GCL
008 140319s9999 xx 000 0 ara d
040 _aGCL /
_cGCL
082 0 4 _a956.531
_bا د
100 1 _aاحمد غسان سبانو
245 1 0 _aدمشق فى دوائر المعارف العربية والعالمية /
_cاحمد غسان سبانو
260 _a[S.N] :
_bدار الكتب العربى
300 _a192 ص
490 _aدراسات ووثائق من تاريخ دمشق والشام
_v0
650 0 4 _aتاريخ
650 0 4 _aدمشق
942 _2ddc
_cBK
999 _c46887
_d46887